000
00246nam a22001217a 4500
008
170905b xxu||||| |||| 00| 0 eng d
041
_a
eng
080
_a
616.613
100
_a
09
101
_a
PAT
245
_a
NDT
_c
LAMEIRE,N
942
_2
udc
_c
BK
999
_c
26117
_d
26117